[Event "Benidorm op U2000 09th"]
[Site "Benidorm"]
[Date "2010.12.04"]
[Round "2"]
[White "Franco Arroyo, Fernando"]
[Black "Gonzalez Pabollet, Jesus Maria"]
[Result "0-1"]
[WhiteElo "1994"]
[BlackElo "1891"]
[PlyCount "64"]
[EventDate "2010.12.03"]
[EventType "swiss"]
[EventRounds "10"]
[EventCountry "ESP"]
[SourceTitle "CBM 139 Extra"]
[Source "ChessBase"]
[SourceDate "2011.01.05"]
[SourceVersion "1"]
[SourceVersionDate "2011.01.05"]
[SourceQuality "1"]

1. e4 c5 2. c3 d5 3. e5 Bf5 4. d3 Nc6 5. f4 e6 6. Nf3 Be7 7. Be2 Bh4+ 8. g3 Be7 9. Nbd2 h5 10. h4 Nh6 11. Ng5 Ng4 12. Ndf3 f6 13. exf6 gxf6 14. Nh3 Qb6 15. a3 0-0-0 16. b4 Rhg8 17. bxc5 Qxc5 18. Bd2 Ne3 19. Qc1 Ng2+ 20. Kf1 Rxg3 21. d4 Qb6 22. Kf2 Rdg8 23. Nhg5 Rg4 24. Nh2 fxg5 25. Bxg4 hxg4 26. Kxg2 Be4+ 27. Kg3 gxf4+ 28. Kf2 Bxh1 29. Qxh1 g3+ 30. Kf3 gxh2 31. Qxh2 Rg3+ 32. Ke2 Nxd4+ 0-1